| 000 | 00823nam a22002057a 4500 | ||
|---|---|---|---|
| 003 | MX-MxUPN | ||
| 005 | 20250930141642.0 | ||
| 008 | 250903s1985 fr ||||fr|||| 100 0 fre d | ||
| 040 |
_aMXUPN _bspa _cMX-MxUPN |
||
| 041 | 0 | _afre | |
| 050 | 1 | 4 |
_aLB1537 _bO7 1985 |
| 111 | 2 |
_aSeminario operativo interregional sobre las condiciones de la educación primaria _d(1985: _cArusha, Tanzania) _958042 |
|
| 245 | 1 | 0 | _aRapport du séminaire opérationnel interregional sur les condition de l´eneseignement primarie en vue d´mejoriorer sa pertinence dans les zonas rurales |
| 260 |
_aParís : _b Unesco, _c1985 |
||
| 300 | _a1 volumen en varias paginaciones | ||
| 650 | 4 |
_aEducación primaria _vCongresos _99144 |
|
| 650 | 4 |
_aEducación rural _zAmérica Latina _919071 |
|
| 902 | _aBerenice Martínez/030925 | ||
| 942 |
_2lcc _cLIBRO |
||
| 999 |
_c213977 _d213977 |
||